<A> gazdaság mérése.
Otázky možnosti a teoretických daností merania hospodárnosti v mikroekonomických podmienkach. Pokračovanie diskusie na stránkach časopisu, posledne Közgazdasági szemle 1986, č.1. Závislosti hospodárskej úrovne, informácie a hospodárnosť. Zmeny v spoločnosti a hospodárnosť - zmena v kvantite, kvalite...
Uložené v:
| Hlavný autor: | |
|---|---|
| Médium: | Kapitola |
| Jazyk: | Hungarian |
| Predmet: | |
| Tagy: |
Žiadne tagy, Buďte prvý, kto otaguje tento záznam!
|
MARC
| LEADER | 00000naa a2200000 4500 | ||
|---|---|---|---|
| 001 | r009257 | ||
| 005 | 20221125113645.4 | ||
| 041 | 0 | |a hun | |
| 044 | |a HU | ||
| 245 | 1 | 0 | |a <A> gazdaság mérése. |c K. Martinás |
| 520 | |a Otázky možnosti a teoretických daností merania hospodárnosti v mikroekonomických podmienkach. Pokračovanie diskusie na stránkach časopisu, posledne Közgazdasági szemle 1986, č.1. Závislosti hospodárskej úrovne, informácie a hospodárnosť. Zmeny v spoločnosti a hospodárnosť - zmena v kvantite, kvalite, vznik a zánik podnikov atď. Časové dimenzie. Vzorce. | ||
| 610 | 2 | 0 | |a hospodárnosť |
| 610 | 2 | 0 | |a podnik |
| 610 | 2 | 0 | |a rozbory činnosti hospodárskej |
| 610 | 2 | 0 | |a meranie času |
| 100 | 1 | |a Martinás, K. | |